<?xml version="1.0" encoding="UTF-8"?>
<record
    xmlns:xsi="http://www.w3.org/2001/XMLSchema-instance"
    xsi:schemaLocation="http://www.loc.gov/MARC21/slim http://www.loc.gov/standards/marcxml/schema/MARC21slim.xsd"
    xmlns="http://www.loc.gov/MARC21/slim">

  <leader>01580nam a22002777a 4500</leader>
  <controlfield tag="003">OSt</controlfield>
  <controlfield tag="005">20240112220000.0</controlfield>
  <controlfield tag="008">210304b           ||||| |||| 00| 0 eng d</controlfield>
  <datafield tag="020" ind1=" " ind2=" ">
    <subfield code="a">9716857665 </subfield>
  </datafield>
  <datafield tag="040" ind1=" " ind2=" ">
    <subfield code="b">English.</subfield>
    <subfield code="c">CvSU-CCAT Campus Library.</subfield>
    <subfield code="e">rda.</subfield>
    <subfield code="a">CvSU-CCAT Campus Library.</subfield>
  </datafield>
  <datafield tag="050" ind1=" " ind2=" ">
    <subfield code="a">F LB 3051</subfield>
    <subfield code="b">N37 2013</subfield>
  </datafield>
  <datafield tag="082" ind1=" " ind2=" ">
    <subfield code="a">371.26 </subfield>
    <subfield code="b">N228a 2013 </subfield>
    <subfield code="2">20</subfield>
  </datafield>
  <datafield tag="100" ind1=" " ind2=" ">
    <subfield code="a">Navarro, Rosita L., author. </subfield>
    <subfield code="9">1148</subfield>
  </datafield>
  <datafield tag="245" ind1=" " ind2=" ">
    <subfield code="a">Authentic assessment of student learning outcomes : </subfield>
    <subfield code="b">assessment of learning 2 / </subfield>
    <subfield code="c">Rosita L. Navarro, Rosita De Gusman-Santos. </subfield>
  </datafield>
  <datafield tag="250" ind1=" " ind2=" ">
    <subfield code="a">Second edition. </subfield>
  </datafield>
  <datafield tag="260" ind1=" " ind2=" ">
    <subfield code="a">Quezon City : </subfield>
    <subfield code="b">Lorimar Publishing, Inc., </subfield>
    <subfield code="c">c2013. </subfield>
  </datafield>
  <datafield tag="300" ind1=" " ind2=" ">
    <subfield code="a">113 pages: </subfield>
    <subfield code="b">illustrations ; </subfield>
    <subfield code="c">25 cm</subfield>
  </datafield>
  <datafield tag="504" ind1=" " ind2=" ">
    <subfield code="a">Includes bibliographical references. </subfield>
  </datafield>
  <datafield tag="520" ind1=" " ind2=" ">
    <subfield code="a"> This book implements and complements OBE by clarifying the concept of Outcomes-Based Education (OBE), identifying and explaining student learning outcomes at the different levels of schooling, and illustrating a variety of assessment tools to determine if the desired learning outcomes have been achieved. Every chapter of this book includes models and examples to aid students' understanding. To enhance their capability to apply the concept learned, and relevant exercises are provided at the end of the chapter. </subfield>
  </datafield>
  <datafield tag="546" ind1=" " ind2=" ">
    <subfield code="a">In English text. </subfield>
  </datafield>
  <datafield tag="650" ind1=" " ind2=" ">
    <subfield code="a">Educational tests and measurements.</subfield>
    <subfield code="9">1938</subfield>
  </datafield>
  <datafield tag="650" ind1=" " ind2=" ">
    <subfield code="a">Educational evaluation. </subfield>
    <subfield code="9">2339</subfield>
  </datafield>
  <datafield tag="700" ind1=" " ind2=" ">
    <subfield code="a">Santos, Rosita DG., author. </subfield>
    <subfield code="9">2340</subfield>
  </datafield>
  <datafield tag="942" ind1=" " ind2=" ">
    <subfield code="c">BK</subfield>
    <subfield code="h">LB 3051 N37 2013</subfield>
    <subfield code="2">lcc</subfield>
    <subfield code="k">F</subfield>
  </datafield>
  <datafield tag="999" ind1=" " ind2=" ">
    <subfield code="c">802</subfield>
    <subfield code="d">802</subfield>
  </datafield>
  <datafield tag="952" ind1=" " ind2=" ">
    <subfield code="0">0</subfield>
    <subfield code="1">0</subfield>
    <subfield code="2">lcc</subfield>
    <subfield code="4">0</subfield>
    <subfield code="7">0</subfield>
    <subfield code="8">NF</subfield>
    <subfield code="a">CCATLIB</subfield>
    <subfield code="b">CCATLIB</subfield>
    <subfield code="c">F</subfield>
    <subfield code="d">2021-03-04</subfield>
    <subfield code="e">Purchased</subfield>
    <subfield code="f">F</subfield>
    <subfield code="o">F LB 3051 N37 2013</subfield>
    <subfield code="p">R0011393</subfield>
    <subfield code="r">2025-10-15 00:00:00</subfield>
    <subfield code="t">c.1</subfield>
    <subfield code="w">2021-03-04</subfield>
    <subfield code="y">BK</subfield>
  </datafield>
  <datafield tag="952" ind1=" " ind2=" ">
    <subfield code="0">0</subfield>
    <subfield code="1">0</subfield>
    <subfield code="2">lcc</subfield>
    <subfield code="4">0</subfield>
    <subfield code="7">0</subfield>
    <subfield code="8">NF</subfield>
    <subfield code="a">CCATLIB</subfield>
    <subfield code="b">CCATLIB</subfield>
    <subfield code="c">F</subfield>
    <subfield code="d">2021-03-04</subfield>
    <subfield code="e">Purchased</subfield>
    <subfield code="f">F</subfield>
    <subfield code="l">2</subfield>
    <subfield code="m">10</subfield>
    <subfield code="o">F LB 3051 N37 2013</subfield>
    <subfield code="p">R0011394</subfield>
    <subfield code="r">2025-10-15 00:00:00</subfield>
    <subfield code="s">2025-06-09</subfield>
    <subfield code="t">c.2</subfield>
    <subfield code="w">2021-03-04</subfield>
    <subfield code="y">BK</subfield>
  </datafield>
  <datafield tag="952" ind1=" " ind2=" ">
    <subfield code="0">0</subfield>
    <subfield code="1">0</subfield>
    <subfield code="2">lcc</subfield>
    <subfield code="4">0</subfield>
    <subfield code="7">0</subfield>
    <subfield code="8">NF</subfield>
    <subfield code="a">CCATLIB</subfield>
    <subfield code="b">CCATLIB</subfield>
    <subfield code="c">F</subfield>
    <subfield code="d">2021-03-04</subfield>
    <subfield code="e">Purchased</subfield>
    <subfield code="f">F</subfield>
    <subfield code="l">1</subfield>
    <subfield code="o">F LB 3051 N37 2013</subfield>
    <subfield code="p">R0011395</subfield>
    <subfield code="r">2025-10-15 00:00:00</subfield>
    <subfield code="s">2025-02-25</subfield>
    <subfield code="t">c.3</subfield>
    <subfield code="w">2021-03-04</subfield>
    <subfield code="y">BK</subfield>
  </datafield>
</record>
